Tables of functions with formular and curves
Uloženo v:
| Hlavní autoři: | , |
|---|---|
| Médium: | Kniha |
| Jazyk: | angličtina němčina |
| Vydáno: |
Nueva York
Dover
1945
|
| Vydání: | 4a. ed |
| Témata: | |
| Tagy: |
Přidat tag
Žádné tagy, Buďte první, kdo vytvoří štítek k tomuto záznamu!
|
MARC
| LEADER | 00000nam a2200000 a 4500 | ||
|---|---|---|---|
| 001 | UCX0662 | ||
| 003 | CL-VaPUC | ||
| 008 | 900104e19450000US |||||||||||||||||eng|d | ||
| 041 | 0 | 7 | |a eng |2 CL-VaPUC |
| 041 | 0 | 7 | |a ger |2 CL-VaPUC |
| 082 | 0 | 4 | |a 515.021 |b JAH |2 21 |
| 100 | 0 | |a Jahnke, Eugene |e author |9 316087 | |
| 700 | 0 | |a Emde, Fritz |e author |9 316088 | |
| 245 | 1 | 0 | |a Tables of functions with formular and curves |
| 246 | 1 | 0 | |a Funktionentafeln mit Formeln und Kurven |
| 250 | |a 4a. ed | ||
| 300 | |a 380 p | ||
| 942 | |c BK | ||
| 945 | |d 19900104 00:00:00 | ||
| 260 | |a Nueva York |b Dover |c 1945 | ||
| 650 | 0 | |a Funciones |9 263869 | |
| 650 | 7 | |a TABLAS MATEMATICAS |2 CL-VaPUC |9 260265 | |
| 583 | |a last modification |c 19900104 00:00:00 |k Rodrigo Vera | ||
| 999 | |c 222193 |d 222191 | ||
| 952 | |0 0 |1 0 |4 0 |6 515_021000000000000_JAH_1945 |7 0 |8 A |9 216596 |a BIBCUR |b BIBCUR |d 2019-11-15 |i 285225K |o 515.021 JAH 1945 |p 285225K |r 2025-04-22 |w 2019-11-15 |y BK |k FIS | ||